• 首页
  • 本馆介绍
  • 公告通知
  • 最新文献
  • 馆藏检索
  • 电子资源
  • 读者导购
  • 参考咨询
  • 我的图书馆
  • 登录
  • 详细信息显示
  • 放入我的书架
  • 预约/预借图书
  • 作者相关作品
  • 分类相关作品
  • 丛书相关作品
  • 出版社相关作品

书目信息

  • 表格格式
  • 工作单格式
  • 卡片格式
题名:
手会说话
    
 
作者: 王晨霞 著
分册:  
出版信息: 哈尔滨   北方文艺出版社  2009
页数: 280页
开本: 24cm
丛书名: 王晨霞掌纹诊病系列
单 册:
中图分类: R241.29
科图分类:
主题词: 掌纹--望诊(中医) , 掌纹 , 望诊(中医)
电子资源:
ISBN: 978-7-5317-2347-9
000 01127oam2 2200313 45
001 1033136875
005 20100407170856.37
010    @a978-7-5317-2347-9@dCNY39.00
100    @a20100402d2009 ekmy0chiy0120 ea
101 0  @achi
102    @aCN@b230000
105    @aa z 000yy
106    @ar
200 1  @a手会说话@AShou Hui Shuo Hua@e掌纹与心理自测@EZhang Wen Yu Xin Li Zi Ce@f王晨霞著@FWang Chen Xia Zhu
210    @a哈尔滨@c北方文艺出版社@d2009
215    @a280页@c图@d24cm@e附光盘1片
225 2  @a王晨霞掌纹诊病系列@v3
300    @a光明书架
307    @a附光盘: ISBN 978-7-88430-299-4 ISRC CN-E22-08-0203-0
330    @a本书揭示了掌纹上的纹理与无形的心理、性格、习惯的内在关系,通过14条掌纹线和8种异常病理纹透露的疾病信号,结合形形色色的古代和现代医案,分析心理因素在其中所起的关键作用。
461  0 @12001 @a王晨霞掌纹诊病系列@v3
517 1  @a掌纹与心理自测@AZhang Wen Yu Xin Li Zi Ce
606 0  @a掌纹@x望诊(中医)
606 0  @a掌纹
606 0  @a望诊(中医)
690    @aR241.29@v4
701  0 @a王晨霞@AWang Chen Xia@4著
801  0 @aCN@bTANGWEI@c20100407
905    @b0588790-94@dR241.29@e257@f5
    
    手会说话:掌纹与心理自测/王晨霞著.-哈尔滨:北方文艺出版社,2009
    280页:图;24cm+附光盘1片.-(王晨霞掌纹诊病系列;3)
    光明书架
    
    ISBN 978-7-5317-2347-9:CNY39.00
    本书揭示了掌纹上的纹理与无形的心理、性格、习惯的内在关系,通过14条掌纹线和8种异常病理纹透露的疾病信号,结合形形色色的古代和现代医案,分析心理因素在其中所起的关键作用。
●
相关链接 在E读中查询图书 在五车中查询图书 在当当中查询图书 在豆瓣中查询图书


正题名:手会说话     索取号:R241.29/257         预约/预借

序号 登录号 条形码 馆藏地/架位号 状态 备注
1 0588790   205887904   第二样本阅览室/ [索取号:R241.29/257] 在馆    
2 0588791   205887913   教育系资料室/ [索取号:R241.29/257] 在馆    
3 0588792   205887922   第三借阅区/ [索取号:R241.29/257] 在馆    
4 0588793   205887931   第三借阅区/ [索取号:R241.29/257] 在馆    
5 0588794   205887940   教育系资料室/ [索取号:R241.29/257] 在馆    
唐山师范学院图书馆 欢迎您!
大连网信软件有限公司© 版权所有